[Event "Hostan Open"]
[Site "Znojmo CZE"]
[Date "2004.05.20"]
[Round "6"]
[White "Normann,O"]
[Black "Adam,P"]
[Result "1-0"]
[WhiteElo "1949"]
[BlackElo "2139"]

1.e4 g6 2.d4 Bg7 3.Nc3 c6 4.f4 d5 5.Nf3 Bg4 6.e5 h5 7.Bd3 Nh6 8.Be3 e6 9.Qd2 Bxf3
10.gxf3 Nd7 11.O-O-O Bf8 12.Na4 Nf5 13.Kb1 b5 14.Nc5 Bxc5 15.dxc5 Qe7 16.b4 a5
17.a3 O-O 18.Kb2 axb4 19.axb4 Ra4 20.Ra1 Rfa8 21.Rxa4 Rxa4 22.Ra1 Rxa1 23.Kxa1 Qe8
24.Kb2 Nf8 25.c3 Qd8 26.Bf2 Qa8 27.Bc2 Qa7 28.Qe1 Qd7 29.Qg1 Qd8 30.Qg5 f6
31.exf6 Kf7 32.Bd4 Nxd4 33.cxd4 Qxf6 34.Qe5 Qxe5 35.fxe5 g5 36.Kc3 Ng6 37.Kd3 Nf4+
38.Ke3 h4 39.Bb1 h3 40.Kf2 Nh5 41.Bd3 Nf4 42.Bf1 Ke7 43.Kg3 Kf7 44.Kg4 Ng2
45.Kxg5 Ne3 46.Bd3 Nd1 47.Kh4 Ke7 48.Bc2 Ne3 49.Bd3 Nd1 50.Bc2 Nc3 51.Kxh3 Ne2
52.Kg4 Nxd4 53.Bd3 Nb3 54.h4 Nc1 55.Bf1 Kf7 56.h5 Na2 57.Bxb5 Nxb4 58.Ba4 Nd3
59.f4 Nxc5 60.Bxc6 Nd3 61.Kg5 Nf2 62.f5 d4 63.fxe6+ Kxe6 64.h6 d3 65.h7 d2
66.Ba4 Ne4+ 67.Kh6 Nc3 68.Bd1  1-0

[Event "5th IECC"]
[Site "Antalya TUR"]
[Date "2004.05.24"]
[Round "9"]
[White "Karadeniz,E"]
[Black "Klinova,M"]
[Result "1/2-1/2"]
[WhiteElo "2310"]
[BlackElo "2436"]

1.e4 g6 2.d4 c6 3.Nc3 Bg7 4.Nf3 d6 5.Be3 Nf6 6.h3 O-O 7.Qd2 b5 8.Bd3 Nbd7
9.O-O e5 10.dxe5 dxe5 11.a4 b4 12.Ne2 a5 13.Nh2 Qe7 14.f3 Nc5 15.Bc4 Rd8
16.Qe1 Be6 17.Bxe6 Nxe6 18.Qf2 c5 19.Rad1 Bf8 20.Ng4 Nd4 21.c3 Nxe2+ 22.Qxe2 Nh5
23.Rxd8 Rxd8 24.Rd1 Nf4 25.Bxf4 Rxd1+ 26.Qxd1 exf4 27.Qd5 bxc3 28.bxc3 Bg7
29.Qa8+ Qf8 30.Qxf8+ Kxf8 31.c4 h5 32.Nh2 Ke7 33.Kf1 Bc3 34.Ke2 Ke6 35.Kd3 Bb4
36.Nf1 Ke5 37.Nh2  1/2-1/2

[Event "2nd Leonine GM"]
[Site "Dhaka BAN"]
[Date "2004.05.26"]
[Round "9"]
[White "Sharma,D"]
[Black "Abdul,Mal"]
[Result "1-0"]
[WhiteElo "2369"]
[BlackElo "2243"]

1.e4 g6 2.d4 Bg7 3.Nc3 c6 4.f4 d5 5.e5 f6 6.Nf3 Nh6 7.Be3 Nd7 8.Qd2 Nf8 9.h3 Nf5
10.Bf2 h5 11.g3 Be6 12.Bd3 Qa5 13.a3 Qc7 14.O-O-O Nh6 15.Kb1 f5 16.Ng5 Bg8
17.Rde1 Ne6 18.Nd1 b5 19.Be3 a6 20.Nf2 Rd8 21.g4 hxg4 22.hxg4 c5 23.c3 c4
24.Bc2 Qb6 25.Nf3 Bf7 26.Nh4 a5 27.gxf5 Nxf5 28.Nxf5 gxf5 29.Rxh8+ Bxh8 30.Bxf5 Ng7
31.Bc2 Bg6 32.Rg1 Bxc2+ 33.Qxc2 Kd7 34.Bd2 Rf8 35.Qh7 Qe6 36.Qg6 Rf7 37.Qxe6+ Nxe6
38.Nh3 Bg7 39.Rg6 Nf8 40.Rb6 Ne6 41.Rxe6 Kxe6 42.Ng5+ Kd7 43.Nxf7  1-0

[Event "FSGM June"]
[Site "Budapest HUN"]
[Date "2004.06.05"]
[Round "1"]
[White "Szieberth,A"]
[Black "Almasi,I"]
[Result "1/2-1/2"]
[WhiteElo "2370"]
[BlackElo "2449"]

1.e4 g6 2.d4 Bg7 3.Nc3 c6 4.Nf3 d6 5.h3 Nf6 6.Bd3 O-O 7.O-O Nbd7 8.Bf4 e5
9.dxe5 dxe5 10.Be3 Qe7 11.Qd2 Nc5 12.Bg5 Re8 13.a3 Ne6 14.Be3 Nh5 15.Ne2 Rd8
16.Rfd1 c5 17.Qe1 Nd4 18.Nexd4 cxd4 19.Bg5 f6 20.Bd2 Be6 21.g4 Nf4 22.Bxf4 exf4
23.Qb4 Qxb4 24.axb4 Bf8 25.Bf1 Bxb4 26.Nxd4 Bf7 27.Ne2 Bd6 28.Nc3 Be5 29.Rxa7 Bxc3
30.Rxa8 Rxa8 31.bxc3 Ra3 32.Rd3 Kf8 33.Kg2 Ra1 34.Be2 Bc4 35.Rd1 Rxd1 36.Bxd1 g5
37.Kf3 Ke7 38.Be2 b5 39.Bd3 Ke6 40.Kg2 h6  1/2-1/2

[Event "Summer III"]
[Site "Alushta UKR"]
[Date "2004.06.10"]
[Round "6"]
[White "Belikov,V"]
[Black "Abbasov,F"]
[Result "1/2-1/2"]
[WhiteElo "2494"]
[BlackElo "2435"]

1.e4 g6 2.d4 Bg7 3.Nc3 c6 4.f4 d5 5.e5 h5 6.Be3 Nh6 7.Nf3 Bg4 8.h3 Bxf3 9.Qxf3 Nf5
10.Bf2 h4 11.Bd3 e6 12.O-O Bf8 13.Ne2 Be7 14.b3 a5 15.c4 Na6 16.a3 a4 17.cxd5 Qxd5
18.Qxd5 exd5 19.bxa4 Nc7 20.Rfb1 Ra7 21.a5 Kd7 22.a4 Rb8 23.Be1 Ne6 24.Bxf5 gxf5
25.Rb3 Bd8 26.Kh2 Nf8 27.g4 hxg3+ 28.Nxg3 Ke6 29.Nh5 Bxa5 30.Bxa5 Rxa5 31.Ng7+ Kd7
32.Nxf5 b5 33.Nd6 Ne6 34.Rb4 Rba8 35.f5 Nd8 36.h4 Rxa4 37.Rbxa4 Rxa4 38.Rd1 f6
39.Kg3 c5 40.dxc5 fxe5 41.Rxd5 Kc6 42.Rd1 Kxc5 43.Nxb5 Nc6 44.Nc7 Nd4 45.Ne6+ Nxe6
46.fxe6 Ra6 47.Kg4 Rxe6 48.Kf5 Re8 49.h5 e4 50.h6 e3 51.h7 Kc4 52.Kg6  1/2-1/2

[Event "CCA/ICC"]
[Site "Stratton Mt USA"]
[Date "2004.06.10"]
[Round "4"]
[White "Hoekstra,M"]
[Black "Ivanov,AV USA"]
[Result "1/2-1/2"]
[WhiteElo "2358"]
[BlackElo "2544"]

1.d4 g6 2.e4 Bg7 3.Nc3 c6 4.Nf3 d6 5.Be2 Nd7 6.O-O Qc7 7.a4 Ngf6 8.h3 O-O
9.Bg5 e5 10.Re1 Re8 11.Bf1 Nf8 12.d5 h6 13.Bxf6 Bxf6 14.Qd2 Bg7 15.b4 Rd8
16.Rad1 Nh7 17.Re3 a5 18.dxc6 bxc6 19.b5 Be6 20.Rd3 Rac8 21.Rxd6 Rxd6 22.Qxd6 cxb5
23.Qxc7 Rxc7 24.Nxb5 Rxc2 25.Rd8+ Nf8 26.Ra8 f5 27.exf5 gxf5 28.Rxa5 e4 29.Nfd4 Rc1
30.Nxe6 Nxe6 31.Nd6 Nd4 32.g4 f4 33.Nxe4 Nf3+ 34.Kg2 Nh4+ 35.Kg1 Nf3+  1/2-1/2

[Event "VI Comunic CXSP"]
[Site "Sao Paulo BRA"]
[Date "2004.06.17"]
[Round "3"]
[White "Madeira,W"]
[Black "Frenklakh,V"]
[Result "0-1"]
[WhiteElo "2263"]
[BlackElo "2280"]

1.e4 g6 2.d4 Bg7 3.Nc3 c6 4.Nf3 d5 5.h3 dxe4 6.Nxe4 Nd7 7.Bc4 Ndf6 8.Nxf6+ Nxf6
9.O-O O-O 10.Re1 Bf5 11.a4 Rc8 12.Qe2 Be4 13.Ra3 c5 14.Ng5 cxd4 15.Bxf7+ Rxf7
16.Nxe4 Nxe4 17.Qxe4 Rc6 18.Re2 Qd7 19.Rb3 e5 20.f4 Re7 21.Bd2 b6 22.Rf3 Rce6
23.f5 gxf5 24.Rxf5 Qc6 25.c3 Qxa4 26.Bg5 Re8 27.Ref2 Qc6 28.Qg4 Rg6 29.cxd4 exd4
30.Qd1 Qe6 31.Rf1 Rxg5  0-1

[Event "8th Open"]
[Site "Voronezh RUS"]
[Date "2004.06.18"]
[Round "7"]
[White "Shishkin,Alex"]
[Black "Mednikov,G"]
[Result "0-1"]
[WhiteElo "2119"]
[BlackElo "2208"]

1.e4 g6 2.d4 Bg7 3.Nc3 c6 4.a4 d6 5.Bc4 e6 6.Bb3 d5 7.Nf3 Ne7 8.O-O O-O 9.Bf4 Nd7
10.Qd2 dxe4 11.Nxe4 Nf5 12.c3 Qb6 13.Ra3 a5 14.Bc4 c5 15.g4 Ne7 16.Bd6 Qc6
17.Qe2 Nf6 18.Bxe7 Qxe4 19.Qxe4 Nxe4 20.Bxf8 Bxf8 21.Raa1 b6 22.Rfd1 Bb7
23.Be2 cxd4 24.Nxd4 Bc5 25.f3 Nf6 26.Rab1 e5 27.Kf1 exd4 28.cxd4 Bd6  0-1

[Event "National Open"]
[Site "Las Vegas USA"]
[Date "2004.06.20"]
[Round "5"]
[White "Mulyar,M"]
[Black "Hanken,J"]
[Result "1-0"]
[WhiteElo "2413"]
[BlackElo "2059"]

1.e4 g6 2.d4 Bg7 3.Nc3 c6 4.Nf3 b5 5.a3 d6 6.Be2 Nf6 7.O-O O-O 8.h3 a6 9.Bf4 Bb7
10.e5 Ne8 11.Qd2 Nd7 12.Rad1 Qc7 13.e6 fxe6 14.Ng5 Rf6 15.Nce4 Nf8 16.Nxf6+ exf6
17.Ne4 c5 18.Nxc5 e5 19.Nxb7 exf4 20.Bf3 Rc8 21.Rfe1 f5 22.Qxf4 Nf6 23.Qxd6 Qxc2
24.Rc1 Qxc1 25.Rxc1 Rxc1+ 26.Kh2 Re1 27.Nd8 h6 28.Qxa6 Ne4 29.Bxe4 fxe4 30.Qxb5 Kh7
31.a4 Bxd4 32.Qb4 Be5+ 33.g3 Re2 34.Qxf8 e3 35.Qe7+ Bg7 36.Ne6  1-0

[Event "XVIII Open"]
[Site "Pula CRO"]
[Date "2004.06.21"]
[Round "2"]
[White "Savic,Miod1"]
[Black "Belotelov,D"]
[Result "1-0"]
[WhiteElo "2529"]
[BlackElo "2291"]

1.e4 g6 2.d4 Bg7 3.Nc3 c6 4.Be3 d6 5.Qd2 b5 6.Bd3 Nd7 7.Nf3 Qc7 8.h3 Ngf6
9.Bh6 O-O 10.h4 Bxh6 11.Qxh6 Ng4 12.Qg5 Nb6 13.h5 f6 14.Qd2 e5 15.hxg6 hxg6
16.dxe5 Nxe5 17.Nxe5 dxe5 18.O-O-O Be6 19.Rh6 Qg7 20.Rdh1 g5 21.Ne2 Rad8
22.Ng3 Nc4 23.Bxc4 bxc4 24.Qe2 g4 25.Qe3  1-0

[Event "2nd Infineon FM"]
[Site "Budapest HUN"]
[Date "2004.06.25"]
[Round "1"]
[White "Torma,R"]
[Black "Puschmann,L"]
[Result "1/2-1/2"]
[WhiteElo "2181"]
[BlackElo "2283"]

1.e4 g6 2.d4 Bg7 3.Nc3 c6 4.f4 b5 5.a3 a5 6.Nf3 Na6 7.Bd3 b4 8.axb4 Nxb4
9.Bc4 d5 10.exd5 cxd5 11.Bb5+ Kf8 12.O-O Nh6 13.Na2 Rb8 14.Be2 Nc6 15.c3 Nf5
16.Bd3 Qb6 17.Qe2 h5 18.Ne5 Bf6 19.Nxc6 Qxc6 20.Be3 Kg7 21.b4 axb4 22.Nxb4 Qxc3
23.Nxd5 Qb3  1/2-1/2

[Event "2nd Infineon IM"]
[Site "Budapest HUN"]
[Date "2004.06.29"]
[Round "5"]
[White "Rovid,K"]
[Black "Werner,Di"]
[Result "0-1"]
[WhiteElo "2405"]
[BlackElo "2362"]

1.e4 g6 2.d4 Bg7 3.Nc3 c6 4.f4 d5 5.e5 Nh6 6.Nf3 f6 7.Be3 O-O 8.Qd2 Bg4 9.Nh4 c5
10.h3 cxd4 11.Bxd4 Be6 12.exf6 exf6 13.O-O-O Nc6 14.f5 Nxf5 15.Nxf5 Bxf5
16.Bc5 d4 17.Bc4+ Kh8 18.Nb5 d3 19.Bxd3 Be6 20.Bxf8 Qxf8 21.Kb1 Rc8 22.Rhe1 Bg8
23.Be4 f5 24.Bxc6 bxc6 25.Nd6 Rb8 26.b3 Bd5 27.Qf4 g5 28.Qh2 f4 29.Ne4 Qa3
30.c3 Bxb3 31.Rd2 Bd1+  0-1

[Event "ch-SLO"]
[Site "Maribor SLO"]
[Date "2004.07.03"]
[Round "8"]
[White "Zorko,Ju"]
[Black "Sebenik,M"]
[Result "1-0"]
[WhiteElo "2325"]
[BlackElo "2440"]

1.e4 g6 2.d4 Bg7 3.Nc3 c6 4.Nf3 d5 5.h3 Nh6 6.Bd3 f6 7.Ne2 O-O 8.O-O Na6
9.a3 Nf7 10.c4 dxe4 11.Bxe4 Nd6 12.Bd3 e5 13.dxe5 fxe5 14.Ng3 Nc5 15.Be2 e4
16.Ng5 Qe7 17.Be3 b6 18.Qc2 Bf5 19.Rad1 Ncb7 20.b4 c5 21.Nxf5 Rxf5 22.h4 h6
23.Nh3 Qxh4 24.Nf4 Rxf4 25.g3 Rg4 26.Qd2 Rxg3+ 27.fxg3 Qxg3+ 28.Kh1 Qh3+
29.Kg1 Qg3+ 30.Kh1 Rd8 31.Qd5+ Kh7 32.Bf4 Qh3+ 33.Kg1 Bd4+ 34.Rxd4 cxd4 35.c5 d3
36.cxd6 Rd7 37.Bd1 Qh4 38.Qe6 Qd8 39.Ba4 b5 40.Bxb5 Qb6+ 41.Kh1 Qxb5 42.Be5 Nxd6
43.Rf8 Rg7 44.Qxd6 e3 45.Rh8+ Kxh8 46.Qf8+  1-0

[Event "TCh-GRE"]
[Site "Aghia Pelagia GRE"]
[Date "2004.07.06"]
[Round "3"]
[White "Kotrotsos,V"]
[Black "Goritsas,C"]
[Result "0-1"]
[WhiteElo "2274"]
[BlackElo "2211"]

1.e4 g6 2.d4 Bg7 3.Nc3 c6 4.Nf3 d5 5.h3 Nf6 6.e5 Ne4 7.Nxe4 dxe4 8.Ng5 c5
9.d5 Bxe5 10.Nxe4 Qc7 11.c3 O-O 12.Bh6 Rd8 13.Qf3 Bf5 14.Ng5 Bf6 15.O-O-O Qe5
16.Bc4 Bxg5+ 17.Bxg5 Bc2 18.Kxc2 Qxg5 19.d6 e6 20.Qxb7 Nd7 21.Qe4 Rab8 22.h4 Qf6
23.Rd2 Rb6 24.Rhd1 h5 25.a4 a6 26.a5 Rbb8 27.Bxa6 Ra8 28.Bb5 Rxa5 29.Bxd7 Rxd7
30.Re1 Kh7 31.g3 Qd8 32.Qe5 Qb6 33.Qf4 Qb5 34.Re4 Ra2 35.Kb1 Qb3 36.Rc2 Rda7
37.Kc1 Ra1+ 38.Kd2 Qd5+ 39.Ke3 Rd1 40.Rd4 cxd4+ 41.cxd4 e5 42.Qxe5 Qb3+ 43.Rc3 Qxb2
44.Qc5 Qd2+ 45.Kf3 Qxd4 46.Qc6 Qd5+  0-1

[Event "3rd Open"]
[Site "La Fere FRA"]
[Date "2004.07.07"]
[Round "6"]
[White "Leuw,M"]
[Black "Dumitrache,D"]
[Result "1/2-1/2"]
[WhiteElo "2193"]
[BlackElo "2470"]

1.e4 g6 2.d4 Bg7 3.Nc3 c6 4.Be3 Qb6 5.a3 d6 6.h3 Nf6 7.Nf3 Nbd7 8.Be2 O-O
9.O-O Qc7 10.Nd2 e5 11.dxe5 Nxe5 12.f4 Ned7 13.Bf3 Nb6 14.Qe2 Re8 15.Qf2 Be6
16.f5 gxf5 17.Qg3 Kh8 18.exf5 Bxf5 19.Bxc6 Nh5 20.Qg5 h6 21.Qxf5 Ng3 22.Qf2 Rxe3
23.Qxe3 Nxf1 24.Rxf1 bxc6 25.Qf4  1/2-1/2

[Event "GP CG de l'Heralt"]
[Site "Montpellier FRA"]
[Date "2004.07.07"]
[Round "3"]
[White "Libiszewski,F"]
[Black "Weill,R"]
[Result "1-0"]
[WhiteElo "2425"]
[BlackElo "2247"]

1.e4 g6 2.d4 Bg7 3.Nc3 c6 4.Nf3 d6 5.Be3 Nf6 6.h3 O-O 7.Qd2 b5 8.Bd3 Nbd7
9.Ne2 e5 10.dxe5 Nxe5 11.Nxe5 dxe5 12.a4 Bb7 13.f3 a6 14.c4 Qe7 15.O-O Rfd8
16.Qc2 b4 17.c5 Nd7 18.Nc1 a5 19.Nb3 Nf8 20.Bc4 Bc8 21.Rad1 Ne6 22.Rxd8+ Qxd8
23.Rd1 Qc7 24.Rd3 Bf8 25.Qd2 Be7 26.Kh1 Nf4 27.Bxf4 exf4 28.Rd6 Bxd6 29.cxd6 Qa7
30.Qxf4 Ba6 31.Nxa5 Bxc4 32.Nxc4 Qxa4 33.Qf6 b3 34.Ne5 Qa1+ 35.Kh2 Qxb2 36.Qxf7+ Kh8
37.Qf6+ Kg8 38.d7 Qd4 39.Qe6+ Kg7 40.Qe7+ Kg8 41.Nxc6 Qb6 42.Qe8+ Rxe8 43.dxe8=Q+ Kg7
44.Qe7+ Kh6 45.Qf8+  1-0

[Event "3rd Open"]
[Site "La Fere FRA"]
[Date "2004.07.08"]
[Round "8"]
[White "Szabo,G ROM"]
[Black "Dumitrache,D"]
[Result "1/2-1/2"]
[WhiteElo "2422"]
[BlackElo "2470"]

1.e4 g6 2.d4 Bg7 3.Nc3 c6 4.Nf3 d6 5.Be3 Qb6 6.a3 Bg4 7.Bc4 e6 8.O-O d5 9.Bb3 Nf6
10.h3 Bxf3 11.Qxf3 O-O 12.Rad1 a5 13.Bg5 dxe4 14.Nxe4 Nxe4 15.Qxe4 Qb5 16.Bc1 Nd7
17.Rd3 a4 18.c4 Qa6 19.Ba2 e5 20.Be3 f5 21.Qh4 f4 22.Qe7 fxe3 23.Qxd7 exd4
24.fxe3 dxe3 25.Rxe3 Qa7 26.c5+ Kh8 27.Rxf8+ Rxf8 28.Qd6 Qa5 29.Bc4 Rd8 30.Qe7 Qd2
31.Kh2 Rf8 32.b4 Qd4 33.Qe4 Qb2 34.h4 Bd4 35.Rf3 Be5+ 36.Kh3 Rxf3+ 37.Qxf3 Qc3
38.Qxc3 Bxc3 39.Be6 Bb2 40.Bc8 Bxa3 41.Bxb7 Bxb4 42.Bxc6 a3 43.Bd5 Bxc5 44.h5 gxh5
45.g4 h4 46.Kxh4 Kg7 47.g5 Kg6 48.Be4+ Kf7 49.Bd5+  1/2-1/2

[Event "Open"]
[Site "Condom FRA"]
[Date "2004.07.11"]
[Round "2"]
[White "Karpatchev,A"]
[Black "Bogza,A"]
[Result "1-0"]
[WhiteElo "2463"]
[BlackElo "2291"]

1.e4 g6 2.d4 Bg7 3.Nc3 c6 4.Nf3 d6 5.Bc4 Nf6 6.Bb3 O-O 7.O-O Bg4 8.h3 Bxf3
9.Qxf3 Nbd7 10.Bg5 Qc7 11.Rfe1 b5 12.Rad1 b4 13.Na4 c5 14.dxc5 dxc5 15.Qe2 h6
16.Bh4 e5 17.Bxf6 Nxf6 18.Qc4 Rac8 19.Rd3 Qe7 20.Red1 Rc7 21.Rd6 Rfc8 22.a3 Bf8
23.axb4 cxb4 24.Qxf7+ Qxf7 25.Rxf6 Qxb3 26.cxb3 Rc1 27.Rf1 R8c6 28.Rxc6 Rxc6
29.Rd1 Rd6 30.Rc1 Rd4 31.Rc4 Rd1+ 32.Kh2 Rd3 33.Rc7 h5 34.h4 Rxb3 35.Rd7 Bh6
36.Kg1 a5 37.Rd1 Bf8 38.Rd5 Be7 39.g3 Kf7 40.Kf1 Rf3 41.Rxe5 Bf6 42.Rd5 Bg7
43.Ke2 Rb3 44.e5 Ke6 45.Rxa5 Kf5 46.e6+ Kf6 47.Ra7 Bh6 48.Rh7  1-0

[Event "FSGM July"]
[Site "Budapest HUN"]
[Date "2004.07.12"]
[Round "10"]
[White "Nguyen Ngoc Truongson"]
[Black "Nagle,S"]
[Result "1/2-1/2"]
[WhiteElo "2431"]
[BlackElo "2375"]

1.d4 g6 2.e4 Bg7 3.Nc3 c6 4.Nf3 d5 5.h3 Nh6 6.g4 f6 7.Be3 Nf7 8.Bd3 Na6 9.exd5 cxd5
10.Bb5+ Kf8 11.a3 Nc7 12.Be2 Bd7 13.g5 Bf5 14.h4 b5 15.h5 fxg5 16.Nxg5 e6
17.Nxf7 Kxf7 18.Bd3 a6 19.Qf3 Rc8 20.Ne2 Ne8 21.Rg1 Nf6 22.hxg6+ hxg6 23.Nf4 Ne4
24.Nxg6 Rh3 25.Qg2 Qa5+ 26.b4 Qc7 27.c4 Qh2 28.Qxh2 Rxh2 29.cxd5 exd5 30.Ne5+ Bxe5
31.dxe5 Rc3 32.Bxe4 Bxe4 33.Rc1 d4 34.Rxc3 dxc3 35.Ke2 Ke6 36.Rg8 c2 37.Rg1 Kxe5
38.Kd2 Rh7 39.Kc3 Rc7+ 40.Kb2 Bf5 41.Re1 Rc4 42.Rg1 Kf6 43.Rh1 Be4 44.Rg1 Rc8
45.Re1 Bg6 46.Rg1 Kf7 47.Bc1 Re8 48.Rg3 Re2 49.Rf3+ Ke6 50.Re3+ Rxe3 51.Bxe3  1/2-1/2

[Event "15th Open"]
[Site "Ljubjana SLO"]
[Date "2004.07.12"]
[Round "4"]
[White "Pavasovic,D"]
[Black "Sebenik,M"]
[Result "1-0"]
[WhiteElo "2592"]
[BlackElo "2426"]

1.e4 g6 2.d4 Bg7 3.Nc3 c6 4.h3 d5 5.Nf3 Nh6 6.Bf4 f6 7.exd5 cxd5 8.Nb5 O-O
9.c4 Bd7 10.Nc3 dxc4 11.Bxc4+ Nf7 12.O-O Nc6 13.d5 Na5 14.Be2 e5 15.dxe6 Bxe6
16.Nd4 Bc4 17.Bxc4 Nxc4 18.Ne6 Qxd1 19.Raxd1 Nxb2 20.Rb1 Rfc8 21.Nc7 Nd3
22.Bg3 f5 23.N3d5 f4 24.Nxa8 fxg3 25.Ne7+ Kh8 26.Nxc8 gxf2+ 27.Kh2  1-0

[Event "Aegean Open"]
[Site "Agios Kirykos GRE"]
[Date "2004.07.17"]
[Round "6"]
[White "Parligras,M"]
[Black "Shavtvaladze,N"]
[Result "1-0"]
[WhiteElo "2564"]
[BlackElo "2439"]

1.e4 g6 2.d4 Bg7 3.Nc3 c6 4.f4 d5 5.e5 Nh6 6.Nf3 f6 7.h3 Nf5 8.Bd3 Ng3 9.Rg1 f5
10.Be3 e6 11.Ne2 Ne4 12.c3 b6 13.Ng5 Qe7 14.g4 Nxg5 15.fxg5 fxg4 16.h4 Ba6
17.Bxa6 Nxa6 18.Nf4 O-O-O 19.Qxg4 Nc7 20.h5 gxh5 21.Nxh5 Rdf8 22.O-O-O Rf5
23.Rh1 Qf7 24.Nf6 Bxf6 25.gxf6 Rg8 26.Qh3 h5 27.Rdg1 Ne8 28.Rxg8 Qxg8 29.Rg1 Qh7
30.Qg3 Kd8 31.Qg8 Rf1+ 32.Kd2 Qxg8 33.Rxg8 Rf5 34.Rh8 a5 35.Rh7  1-0

[Event "Glassy Stream Open"]
[Site "Kharkov UKR"]
[Date "2004.07.17"]
[Round "9"]
[White "Mihalichenko,B"]
[Black "Onoprienko,V"]
[Result "1-0"]
[WhiteElo "2306"]
[BlackElo "2374"]

1.e4 g6 2.d4 Bg7 3.Nc3 c6 4.f4 d5 5.e5 h5 6.Nf3 Nh6 7.Be3 Bg4 8.h3 Bxf3 9.Qxf3 h4
10.O-O-O e6 11.Bd3 Nf5 12.Bf2 Nd7 13.Kb1 Bf8 14.Ne2 a6 15.g4 hxg3 16.Nxg3 Nh4
17.Qg4 c5 18.c4 dxc4 19.Bxc4 cxd4 20.Ne4 Nf5 21.Bxe6 fxe6 22.Qxg6+ Ke7 23.Ng5 Qb6
24.Qf7+ Kd8 25.Nxe6+  1-0

[Event "ACT Open"]
[Site "Amsterdam NED"]
[Date "2004.07.20"]
[Round "4"]
[White "Blees,A"]
[Black "Hartoch,R"]
[Result "1-0"]
[WhiteElo "2400"]
[BlackElo "2300"]

1.d4 g6 2.e4 Bg7 3.Nc3 c6 4.Nge2 d5 5.e5 f6 6.exf6 exf6 7.Nf4 Nh6 8.Bd3 O-O
9.O-O Na6 10.Rb1 Nc7 11.b4 b5 12.Bd2 Bf5 13.Nce2 Bxd3 14.Nxd3 Nf5 15.Nc5 Re8
16.Bf4 Bf8 17.Qd3 Bxc5 18.dxc5 Ne6 19.Bd2 a5 20.a3 Qd7 21.Rfe1 axb4 22.axb4 Re7
23.Bc3 Rf8 24.Ra1 Ng5 25.Bd4 Nxd4 26.Nxd4 Rxe1+ 27.Rxe1 Re8 28.Rxe8+ Qxe8
29.Qe3 Qc8 30.h4 Nf7 31.Qe7 Qd8 32.Nxc6 Qa8 33.Qxf6 d4 34.Nxd4 Qa1+ 35.Kh2 Nh6
36.Qf4 Qd1 37.f3  1-0

[Event "JunCh-USA"]
[Site "Lindsborg USA"]
[Date "2004.07.20"]
[Round "1"]
[White "Fernandez,D"]
[Black "Hoekstra,M"]
[Result "0-1"]
[WhiteElo "2317"]
[BlackElo "2358"]

1.e4 g6 2.d4 Bg7 3.Nc3 c6 4.f4 d5 5.e5 h5 6.Nf3 Nh6 7.Be3 Bg4 8.Be2 e6 9.Qd2 Bf8
10.O-O-O a5 11.Bf2 Bxf3 12.Bxf3 a4 13.g3 Nd7 14.h3 b5 15.g4 Nb6 16.gxh5 Nc4
17.Qe2 Nf5 18.hxg6 Qa5 19.gxf7+ Kd8 20.Nb1 Bh6 21.Na3 Bxf4+ 22.Kb1 Nxb2 23.Rdg1 Nc4
24.Be1 Nxa3+ 25.Ka1 Qb6 26.Bb4 Nc4 27.Rg8+ Kd7 28.Rg7 Raf8  0-1

[Event "ACT Open"]
[Site "Amsterdam NED"]
[Date "2004.07.24"]
[Round "8"]
[White "Bezemer,A"]
[Black "Hartoch,R"]
[Result "1/2-1/2"]
[WhiteElo "2375"]
[BlackElo "2300"]

1.e4 g6 2.d4 Bg7 3.Nc3 c6 4.Bc4 d6 5.Qe2 Nf6 6.e5 Nd5 7.Bd2 Be6 8.O-O-O Nxc3
9.Bxc3 Bxc4 10.Qxc4 d5 11.Qe2 Qd7 12.f4 Na6 13.Nf3 e6 14.Kb1 h5 15.Be1 O-O-O
16.Bh4 Rde8 17.b3 b5 18.a4 Kb7 19.Kb2 Rb8 20.Ra1 b4 21.Ne1 Rhc8 22.Nd3 Bf8
23.Bf2 Ka8 24.h3 c5 25.g4 hxg4 26.hxg4 cxd4 27.Bxd4 Nc5 28.Rac1 Nxd3+ 29.cxd3 Rxc1
30.Rxc1 Rc8 31.Rxc8+ Qxc8 32.Qc2 Qxc2+ 33.Kxc2 Kb7 34.Kd2 a6 35.Ke3 Kc6 36.Kf3 Bc5
37.Bxc5 Kxc5 38.Ke3 a5 39.d4+ Kc6 40.f5 g5 41.f6  1/2-1/2

[Event "ACT Open"]
[Site "Amsterdam NED"]
[Date "2004.07.25"]
[Round "9"]
[White "Van Veen,O"]
[Black "Bark,E"]
[Result "1-0"]
[WhiteElo "2269"]
[BlackElo "2198"]

1.e4 g6 2.d4 Bg7 3.Nc3 c6 4.Be3 d5 5.Qd2 Qa5 6.exd5 cxd5 7.Bb5+ Kf8 8.Nge2 e6
9.Nf4 Bd7 10.Be2 Nc6 11.Rd1 h5 12.h4 Nh6 13.Bd3 Ne7 14.Nce2 Qxa2 15.Qb4 Qa4
16.Qxb7 Bc6 17.Qc7 Qb4+ 18.c3 Qb6 19.Qd6 Ba4 20.Qxb6 axb6 21.Ra1 Nef5 22.Bb5 Bxb5
23.Rxa8+ Ke7 24.Rxh8 Bxh8 25.Kd2 Ng4 26.Ra1 Nxh4 27.Ra7+ Kf6 28.Rb7 g5 29.Nxh5+ Kg6
30.Neg3 Nxg2 31.Rxb6 Bd7 32.Rb7 Bc6 33.Rb6 Bd7 34.b4 f5 35.Rd6 Nf6 36.Nxf6 Bxf6
37.Rxd7 f4 38.b5 fxe3+ 39.fxe3 g4 40.b6 Bh4 41.Nf1 g3 42.b7 Ne1 43.b8=Q  1-0

[Event "GM"]
[Site "Balatonlelle HUN"]
[Date "2004.07.25"]
[Round "7"]
[White "Balogh,C"]
[Black "Tolnai,T"]
[Result "1-0"]
[WhiteElo "2513"]
[BlackElo "2441"]

1.e4 g6 2.d4 Bg7 3.Nc3 c6 4.Nf3 d6 5.Be2 Bg4 6.Ng1 Bxe2 7.Ngxe2 d5 8.e5 e6
9.h4 h5 10.Bg5 Qc7 11.Nf4 Ne7 12.Qd2 Na6 13.Rb1 Qd7 14.b4 Nc7 15.a4 b6 16.Nd3 Nf5
17.Ne2 c5 18.bxc5 Qxa4 19.O-O O-O 20.cxb6 axb6 21.Rxb6 Nxd4 22.Nxd4 Qxd4
23.Rb4 Qa7 24.g4 d4 25.gxh5 Nd5 26.Rbb1 Rac8 27.Rfe1 Qa4 28.Rb2 Rb8 29.Rxb8 Rxb8
30.hxg6 fxg6 31.Nc5 Qc6 32.Qxd4 Rb5 33.Nxe6 Qxe6 34.c4 Ra5 35.Bd2 Nb4 36.Bxb4 Rxe5
37.Rxe5 Bxe5 38.Qd8+  1-0

[Event "Politiken Cup"]
[Site "Copenhagen DEN"]
[Date "2004.07.25"]
[Round "2"]
[White "Christensen,Janu"]
[Black "Backelin,R"]
[Result "1/2-1/2"]
[WhiteElo "2054"]
[BlackElo "2292"]

1.e4 g6 2.d4 Bg7 3.Nc3 c6 4.Be3 d6 5.Qd2 Nd7 6.f4 b5 7.Nf3 Ngf6 8.Bd3 Nb6
9.h3 Nc4 10.Bxc4 bxc4 11.Qe2 Rb8 12.Qxc4 Rxb2 13.e5 Nd7 14.O-O Nb6 15.Qxc6+ Bd7
16.Qe4 d5 17.Qd3 Bf5 18.Qa6 Rxc2 19.Rfc1 O-O 20.Rxc2 Bxc2 21.Qxa7 Bd3 22.Rd1 Bc4
23.Rb1 Nc8 24.Qc5 e6 25.Rb7 Re8 26.Rb8 Qd7 27.a4 Bf8 28.Qa5 Ne7 29.Rxe8 Qxe8
30.Qb6 Qa8 31.Bf2 Nc6 32.Qc7 Qa5 33.Qxc6 Qxc3 34.Kh2 Qd3 35.Bh4 Ba6 36.Qa8 Qc4
37.Qa7 h6 38.a5 Qb5 39.Qa8 Qb7 40.Qd8 Qc8 41.Qxc8 Bxc8 42.Nd2 Bb4 43.Nb3 Kf8
44.Bd8 Ke8 45.Bb6 Kd7 46.g4 Kc6 47.h4 h5 48.gxh5 gxh5 49.Kg2 Kb5 50.Kf3 Be1
51.Bd8 Kc4 52.Nc5 Kxd4 53.Na4 Ba6 54.Bb6+ Kc4 55.Nc5 Bc8 56.f5 Bxh4 57.fxe6 fxe6
58.a6 Bxa6 59.Nxa6 Kb5 60.Nc7+ Kxb6 61.Nxe6 Be7 62.Nf4 Kc5  1/2-1/2

[Event "Open"]
[Site "Balatonlelle HUN"]
[Date "2004.07.27"]
[Round "9"]
[White "Feher,T"]
[Black "Boguszlavszkij,J"]
[Result "1-0"]
[WhiteElo "2187"]
[BlackElo "2279"]

1.e4 g6 2.d4 Bg7 3.Nc3 c6 4.h3 d5 5.Nf3 dxe4 6.Nxe4 Nd7 7.Bc4 Ngf6 8.Nxf6+ Nxf6
9.Bf4 Nd5 10.Be5 O-O 11.Bxg7 Kxg7 12.O-O Qc7 13.Bxd5 cxd5 14.c3 Bd7 15.Qe2 Rae8
16.Qe5+ Qxe5 17.Nxe5 Bb5 18.Rfe1 f6 19.a4 Ba6 20.Nd7 Rf7 21.Nc5 e5 22.Nxa6 bxa6
23.dxe5 fxe5 24.Rad1 Rd7 25.f4 Kf6 26.Kf2 Kf5 27.Kf3 e4+ 28.Ke3 h5 29.g4+ hxg4
30.hxg4+ Ke6 31.Rh1 Rb8 32.Rd2 a5 33.Rh6 Rg8 34.f5+ Ke5 35.fxg6 Rf8 36.Rh5+ Ke6
37.Rf5 Rh8 38.Rh5 Rf8 39.Rf2 Rxf2 40.Kxf2 Rb7 41.Rg5 Rxb2+ 42.Ke3 Rb8 43.g7 Rg8
44.Kd4 Kf6 45.Rxd5 Re8 46.g8=Q Rxg8 47.g5+ Ke6 48.Kxe4 Rh8 49.Rxa5 Rh4+ 50.Kd3 Rg4
51.Ra6+ Kd5 52.c4+ Kc5 53.g6 Kb4 54.Ke3 Kxc4 55.Kf3 Rg1 56.Ke4 Re1+ 57.Kf5 Rf1+
58.Ke6 Rg1 59.Kf7  1-0

[Event "Politiken Cup"]
[Site "Copenhagen DEN"]
[Date "2004.07.28"]
[Round "6"]
[White "Taksrud,V"]
[Black "Werner,Ge"]
[Result "0-1"]
[WhiteElo "1954"]
[BlackElo "2085"]

1.e4 g6 2.d4 Bg7 3.Nc3 c6 4.Be3 d5 5.e5 Nh6 6.Bd3 Ng4 7.Bf4 f6 8.Nf3 fxe5
9.Nxe5 Nxe5 10.Bxe5 Bxe5 11.dxe5 Nd7 12.Qe2 Qc7 13.f4 Nc5 14.O-O-O Nxd3+
15.Rxd3 Bf5 16.Rd2 O-O-O 17.Rf1 d4 18.Ne4 Bxe4 19.Qxe4 c5 20.f5 gxf5 21.Qxf5+ Qd7
22.e6 Qd5 23.Rdf2 b6 24.Qxd5 Rxd5 25.Rf7 Kd8 26.Rf8+ Rxf8 27.Rxf8+ Kc7 28.Rf7 Kd6
29.Rxh7 Kxe6 30.h4 Rf5 31.g4 Rf2 32.g5 Rg2 33.Kd1 c4 34.a4 Kd6 35.Rh6+ Ke5
36.Rh7 e6 37.Rh6 Kd5 38.g6 Ke4 39.Ke1 d3 40.cxd3+ cxd3 41.Rh7 Rxg6 42.Kf2 Rf6+
43.Kg3 d2 44.Rd7 Ke3 45.h5 Ke2  0-1

[Event "Politiken Cup"]
[Site "Copenhagen DEN"]
[Date "2004.07.28"]
[Round "6"]
[White "Nielsen,St"]
[Black "Andreasen,P"]
[Result "0-1"]
[WhiteElo "2124"]
[BlackElo "2309"]

1.e4 g6 2.d4 Bg7 3.Nc3 c6 4.f4 d5 5.e5 h5 6.Nf3 Nh6 7.Be2 Bg4 8.O-O Nf5 9.b3 e6
10.Qd2 Bf8 11.Kh1 Bb4 12.a3 Ba5 13.Qd3 h4 14.Ng1 Ng3+ 15.hxg3 hxg3+ 16.Nh3 Bxh3
17.Kg1 Qh4  0-1

[Event "7th Open"]
[Site "Korinthos GRE"]
[Date "2004.07.28"]
[Round "8"]
[White "Kritsikis,Evag"]
[Black "Koukoufikis,A"]
[Result "1-0"]
[WhiteElo "2034"]
[BlackElo "2247"]

1.e4 g6 2.d4 Bg7 3.Nc3 c6 4.f4 d6 5.Nf3 b5 6.Bd3 a6 7.O-O Nd7 8.e5 dxe5 9.fxe5 Nb6
10.Be4 Bb7 11.Ng5 Nh6 12.Qf3 O-O 13.Ne2 Qc8 14.Ng3 f6 15.Nxh7 Kxh7 16.Bxg6+ Kxg6
17.Qh5+ Kh7 18.Bxh6 Bxh6 19.Nf5 Qxf5 20.Qxf5+ Kg7 21.Rf3 Bg5 22.h4 Bxh4 23.Rh3 Rh8
24.Rf1 Bc8 25.e6 Nd5 26.Qg4+ Bg5 27.Rxh8 Kxh8 28.Qh5+ Kg7 29.Qf7+ Kh6 30.Kf2 Be3+
31.Kf3  1-0